| 000 | 00431cam a2200157ua 4500 | ||
|---|---|---|---|
| 003 | OSt | ||
| 008 | 250823b |||||||| |||| 00| 0 eng d | ||
| 020 | _a81-203-0881-6 | ||
| 041 | _aeng | ||
| 082 |
_a628 _bGIL/IN |
||
| 100 |
_aGilbert, M Masters . _97756 |
||
| 245 | _aIntroduction to environmented engineering and science / | ||
| 260 |
_aNew Delhi : _bPrentice Hall of India Pvt Ltd. , _c2001. |
||
| 300 | _a460 ; . | ||
| 942 | _cBK | ||
| 999 |
_c2742 _d2742 |
||